00872cam a2200253 a 450000100100000000500170001000800410002703500190006804000360008708200250012310000410014824500530018925000110024226000400025330000210029365000280031465000300034265100490037265100350042191000070045604900090046395201290047299900170060100001821620200929165415.0840302s1966 uy 000 e spa d a(DLC) 73548518 aDO-SdBNPbspacCarPdDLCdBNPHU aU864.44bB462p, 19661 aBenedetti, Mario,d1920-2009.91195913aEl país de la cola de paja /cMario Benedetti. a5a ed. aMontevideo, Uruguay :bArca,c1966. a160 p. ;c17 cm. 4aEnsayos uruguayos93053 4aLiteratura uruguaya93054 4aUruguayxCaracterísticas Nacionales939439 4aUruguayxCivilización939440 aWM aBNGR 001054708MOaGRbGRcHDd2010-04-21iLF1l0oU864.44 B462p, 1966p18216-10r2020-06-25w2020-06-25y4ZPréstamo en sala c17737d17737